[Event "Ho Chi Minh City op"]
[Site "Ho Chi Minh City"]
[Date "2009.12.05"]
[Round "5"]
[White "Tan, Weiliang"]
[Black "Nguyen, Thi Tuong Van"]
[Result "0-1"]
[WhiteElo "2163"]
[BlackElo "2246"]
[PlyCount "100"]
[EventDate "2009.12.03"]
[EventType "swiss"]
[EventRounds "9"]
[EventCountry "VIE"]
[SourceTitle "CBM 133 Extra"]
[Source "ChessBase"]
[SourceDate "2010.01.05"]
[SourceVersion "1"]
[SourceVersionDate "2010.01.05"]
[SourceQuality "1"]

1. e4 c5 2. Nf3 d6 3. d4 cxd4 4. Nxd4 Nf6 5. Nc3 g6 6. Be3 Bg7 7. f3 Nc6 8. Qd2 0-0 9. Bc4 Bd7 10. 0-0-0 Ne5 11. Bb3 Rc8 12. Kb1 Re8 13. h4 h5 14. Bh6 Nc4 15. Bxc4 Rxc4 16. Bxg7 Kxg7 17. g4 hxg4 18. h5 Rh8 19. hxg6 fxg6 20. f4 Rc5 21. e5 dxe5 22. Rxh8 Qxh8 23. Nb3 Qc8 24. Nxc5 Qxc5 25. fxe5 Qxe5 26. Re1 Qd6 27. Qe3 Bc6 28. Rd1 Qc7 29. Qc5 a6 30. Ne2 Ne4 31. Qe3 e5 32. Nc3 Nxc3+ 33. Qxc3 Qe7 34. Re1 Kf6 35. Qg3 Bf3 36. Qh4+ g5 37. Qh8+ Kf5 38. Qc8+ Kf4 39. Qc3 e4 40. Qe3+ Kf5 41. Qf2 Qd6 42. Qa7 g3 43. Qxb7 g2 44. Qh7+ Kg4 45. Qa7 Qd2 46. Rg1 e3 47. Qxa6 e2 48. Qe6+ Kg3 49. Qe5+ Kf2 50. Qc5+ Qe3 0-1

[Event "SIN-ch"]
[Site "Singapore"]
[Date "2009.01.09"]
[Round "8"]
[White "Fernandez, Daniel Howard"]
[Black "Tan, Weiliang"]
[Result "0-1"]
[WhiteElo "2159"]
[BlackElo "2107"]
[PlyCount "74"]
[EventDate "2009.01.03"]
[EventType "swiss"]
[EventRounds "9"]
[EventCountry "SIN"]
[SourceTitle "CBM 128 Extra"]
[Source "ChessBase"]
[SourceDate "2009.03.05"]
[SourceVersion "2"]
[SourceVersionDate "2009.03.25"]
[SourceQuality "1"]

1. e4 c5 2. Nf3 d6 3. d4 cxd4 4. Nxd4 Nf6 5. Nc3 a6 6. Bc4 e6 7. Bb3 Nbd7 8. 0-0 Nc5 9. f4 Ncxe4 10. Nxe4 Nxe4 11. f5 e5 12. Qh5 d5 13. Re1 Bc5 14. Rxe4 Bxd4+ 15. Rxd4 Qb6 16. Be3 exd4 17. Bf2 0-0 18. Rd1 Qf6 19. g4 Bd7 20. Bxd4 Qd6 21. c4 Rfe8 22. Qg5 f6 23. c5 Qe7 24. Bxd5+ Kh8 25. Qf4 Bc6 26. Be6 Rad8 27. Re1 Bd5 28. b3 Bxe6 29. fxe6 h6 30. Re4 Rc8 31. Qd6 Rc6 32. Qxe7 Rxe7 33. Bf2 Rcxe6 34. Rxe6 Rxe6 35. Kf1 Kg8 36. h3 Re4 37. Be1 Kf7 0-1